Comprehensive study on family planning and women in development projects in Jordan / (Record no. 8013)

MARC details
000 -LEADER
fixed length control field 00691nam a22002172 4500
001 - CONTROL NUMBER
control field 0000009833
005 - DATE AND TIME OF LATEST TRANSACTION
control field 20151217152059.0
008 - FIXED-LENGTH DATA ELEMENTS--GENERAL INFORMATION
fixed length control field 081201s xx 000 0 eng d
020 ## - INTERNATIONAL STANDARD BOOK NUMBER
International Standard Book Number 490271597x :
040 ## - CATALOGING SOURCE
Original cataloging agency KABU
Transcribing agency KABU
100 1# - MAIN ENTRY--PERSONAL NAME
Personal name Komasawa, Makiko.
-- 0000161596
245 10 - TITLE STATEMENT
Title Comprehensive study on family planning and women in development projects in Jordan /
Statement of responsibility, etc. Makiko Komasawa.
250 ## - EDITION STATEMENT
Edition statement 1st ed.
260 ## - PUBLICATION, DISTRIBUTION, ETC. (IMPRINT)
Place of publication, distribution, etc. Tokyo :
Name of publisher, distributor, etc. JICA,
Date of publication, distribution, etc. 2006.
300 ## - PHYSICAL DESCRIPTION
Extent vi, 94 p.
650 #0 - SUBJECT ADDED ENTRY--TOPICAL TERM
Topical term or geographic name as entry element Birth control
Geographic subdivision Jordan.
-- 0000161597
650 #0 - SUBJECT ADDED ENTRY--TOPICAL TERM
Topical term or geographic name as entry element Women in development
Geographic subdivision Jordan.
-- 0000161598
852 1# - LOCATION
-- p500 KES
908 ## - PUT COMMAND PARAMETER (RLIN)
Put command parameter 081201
950 ## - LOCAL HOLDINGS (RLIN)
-- 1
Holdings
Withdrawn status Lost status Source of classification or shelving scheme Not for loan Home library Current library Date acquired Total Checkouts Full call number Barcode Date last seen Price effective from Koha item type
    Library of Congress Classification   Kabarak, Main Campus Kabarak, Main Campus 17/12/2015   HQ766 .J67K66 2006 c. 1 15691 17/12/2015 17/12/2015 General Collection
Designed with assistance from East African Informatics Ltd